Kỹ thuật trồng nấm hữu cơ an toàn
Giới thiệu phương hướng phát triển trồng, sản xuất, kỹ thuật trồng nấm hữu cơ và một số loại nấm. Các phòng trừ các loại bệnh hại chủ yếu của nấm và cách phòng trừ.
Enregistré dans:
| Format: | Livre |
|---|---|
| Langue: | Undetermined |
| Publié: |
Hà Nội
Hồng Đức
2016
|
| Sujets: | |
| Tags: |
Ajouter un tag
Pas de tags, Soyez le premier à ajouter un tag!
|
| Thư viện lưu trữ: | Trung tâm Học liệu Trường Đại học Cần Thơ |
|---|
| LEADER | 00822nam a2200193Ia 4500 | ||
|---|---|---|---|
| 001 | CTU_217758 | ||
| 008 | 210402s9999 xx 000 0 und d | ||
| 020 | |c 41000 | ||
| 082 | |a 635.8 | ||
| 082 | |b K600 | ||
| 245 | 0 | |a Kỹ thuật trồng nấm hữu cơ an toàn | |
| 245 | 0 | |c Giang Văn Toàn (Biên soạn) | |
| 260 | |a Hà Nội | ||
| 260 | |b Hồng Đức | ||
| 260 | |c 2016 | ||
| 520 | |a Giới thiệu phương hướng phát triển trồng, sản xuất, kỹ thuật trồng nấm hữu cơ và một số loại nấm. Các phòng trừ các loại bệnh hại chủ yếu của nấm và cách phòng trừ. | ||
| 650 | |a Trồng nấm,Mushroom culture | ||
| 904 | |i Hải | ||
| 980 | |a Trung tâm Học liệu Trường Đại học Cần Thơ | ||